Yo argentino: la construcción de la nación en los libros escolares, 1873-1930

Guardat en:
Dades bibliogràfiques
Autor principal: Cucuzza, Héctor Rubén (Autor)
Format: Llibre
Idioma:espanyol
Publicat: Buenos Aires Miño y Dávila 2007
Edició:1a. ed
Matèries:
Etiquetes: Afegir etiqueta
Sense etiquetes, Sigues el primer a etiquetar aquest registre!

MARC

LEADER 00000nam a2200000 a 4500
001 UCG1086
003 CL-VaPUC
008 100422e20070000AG |||||||||||||||||spa|d
020 |a 9788496571600 
082 0 4 |a 907.2982  |b CUC  |2 21 
100 0 |a Cucuzza, Héctor Rubén  |e author  |9 548835 
245 1 0 |a Yo argentino: la construcción de la nación en los libros escolares, 1873-1930 
250 |a 1a. ed 
300 |a 127 p 
942 |c BK 
945 |d 20100422 00:00:00  |a rbrito 
260 |a Buenos Aires  |b Miño y Dávila  |c 2007 
650 0 |a Enseñanza de la historia   |9 307330 
650 0 |a Historia de Argentina  |9 319851 
650 7 |a LIBROS DE TEXTOS  |2 CL-VaPUC  |9 548836 
651 0 |a Argentina  |9 254888 
583 |a last modification  |c 20100422 00:00:00  |k Rodrigo Vera 
999 |c 340540  |d 340538 
952 |0 0  |1 0  |4 0  |6 907_298200000000000_CUC_2007  |7 0  |8 A  |9 435350  |a BIBHIS  |b BIBHIS  |d 2019-11-22  |i 4664507  |o 907.2982 CUC 2007  |p 4664507  |r 2025-01-20  |w 2019-11-22  |y BK  |k HIS